Countries of the World In 1939 - Statistics

General Stats
  • This quiz has been taken 91 times
  • The average score is 38 of 84
Answer Stats
Hint Answer % Correct
EU United Kingdom
89%
EU France
84%
EU/AS Soviet Union
84%
NA United States of America
77%
EU Poland
76%
AS Japan
73%
EU Portugal
71%
EU Spain
71%
EU Yugoslavia
71%
EU Finland
68%
EU Sweden
68%
EU Italy
66%
EU Romania
66%
EU Norway
65%
NA Mexico
63%
EU Andorra
61%
EU Belgium
61%
EU Denmark
61%
EU Netherlands
60%
EU Bulgaria
58%
EU Greece
58%
EU Ireland
56%
EU Switzerland
56%
EU/AS Turkey
56%
OC Australia
55%
SA Brazil
55%
EU Estonia
55%
EU Latvia
55%
CA Panama
55%
CA Guatemala
53%
EU Lithuania
53%
EU Luxembourg
53%
SA Argentina
52%
SA Colombia
52%
CA Nicaragua
52%
SA Peru
52%
SA Venezuela
52%
CA Costa Rica
50%
SA Ecuador
50%
CA El Salvador
50%
EU Liechtenstein
50%
AS Mongolia
50%
OC New Zealand
50%
EU San Marino
50%
SA Uruguay
50%
EU Vatican City
50%
CR Cuba
48%
CA Honduras
48%
EU Monaco
48%
SA Paraguay
48%
SA Chile
47%
CR Dominican Republic
47%
SA Bolivia
45%
CR Haiti
45%
AS Siam
45%
AS/AF Egypt
44%
AF Liberia
44%
AF South Africa
42%
AS Persia
40%
AS Saudi Arabia
40%
AS Iraq
39%
AS Afghanistan
37%
AS Yemen
37%
AS Tibet
34%
AS Oman
32%
AS Bhutan
31%
EU German Reich
31%
AS Nepal
27%
AS Philippines
23%
AS Republic of China
21%
AS British Raj
18%
AS Manchukuo
18%
NA Dominion of Canada
16%
AS Yunnan
15%
AS Dutch East Indies
11%
AS Guangxi
6%
AS People's Republic of China
6%
AS French Indochina
5%
EU Slovak Republic
5%
AS Tuvan People's Republic
5%
AS Xibei San Ma
5%
AS British Malaya
3%
AS Mengjiang
3%
AS Xinjiang
3%
No matching quizzes found
Score Distribution
Percent of People with Each Score
Percentile by Number Answered
Your Score History
You have not taken this quiz